000 02222cam a22003498i 4500
001 18015488
003 USPCAS-E
005 20180118181412.0
008 140122s2014 flu b 001 0 eng
010 _a 2014002290
020 _a9781482232226 (hardback)
040 _aDLC
_beng
_cDLC
_erda
042 _apcc
050 0 0 _aTK3001
_b.G583 2014
082 0 0 _a621.319
_223
_bGON-E 2014
084 _aMED084000
_aMED073000
_aHEA000000
_2bisacsh
100 1 _aGönen, Turan.
245 1 0 _aElectrical power transmission system engineering :
_banalysis and design /
_cauthor, Turan Gonen.
250 _aThird edition.
263 _a1111
300 _apages cm
502 _a0
504 _aIncludes bibliographical references and index.
520 _a"A hands-on electrical and mechanical design text for engineering students and practicing professionals, Electrical Power Transmission System Engineering: Analysis and Design, Third Edition features additional examples of fault analysis, a detailed discussion of flexible alternating current transmission systems, and expanded coverage of the structures, equipment, and environmental impact of transmission lines. The author clearly and carefully explains basic material to build a solid foundation of the fundamentals before tackling key topics including transmission system planning, supervisory control and data acquisition, the use of static compensation to prevent voltage collapse or instability, overhead power transmission line modeling and construction, sag and tension analysis, underground power transmission and gas insulated transmission lines, direct current power transmission, transient overvoltages, limiting factors for extra-high and ultra-high voltage transmission, symmetrical components, transmission system protection, reliability, and more"--
650 0 _aElectric power transmission.
650 7 _aMEDICAL / Sports Medicine.
_2bisacsh
650 7 _aMEDICAL / Physical Medicine & Rehabilitation.
_2bisacsh
650 7 _aHEALTH & FITNESS / General.
_2bisacsh
906 _a0
_bvip
_corignew
_d1
_eecip
_f20
_gy-gencatlg
942 _2ddc
_cBK
999 _c355748
_d355748